Pays ne s'identifiant Eux-Mêmes pas comme Démocratiques - Statistiques

Statistiques générales
  • Ce quiz a été pris 32 fois
  • Le résultat moyen est 4 sur 7
Statistiques - réponses
Pays % Correct
Afghanistan
90%
Arabie Saoudite
77%
Qatar
74%
Oman
71%
Émirats Arabes Unis
65%
Brunei
29%
Vatican
29%
Aucun quiz correspondant
Distribution des résultats
% des personnes avec chaque résultat
Percentile par nombre de réponses
Votre historique - résultats
Vous n’avez pas pris ce quiz